Normal view
MARC view
- Fiona Chandler; Sam Taplin , Jane Bingham
Entry Personal Name
001 - CONTROL NUMBER
- control field: 134342
003 - CONTROL NUMBER IDENTIFIER
- control field: NUST
005 - DATE AND TIME OF LATEST TRANSACTION
- control field: 20260506115758.0
008 - FIXED-LENGTH DATA ELEMENTS
- fixed length control field: 260506|| aca||aabn | a|a d
040 ## - CATALOGING SOURCE
- Original cataloging agency: NUST
- Transcribing agency: NUST
100 ## - HEADING--PERSONAL NAME
- Personal name: Fiona Chandler; Sam Taplin , Jane Bingham
670 ## - SOURCE DATA FOUND
- Source citation: Work cat.: (NUST): Fiona Chandler; Sam Taplin , Jane Bingham., The Usborne Internet-Linked Encyclopedia of World History /, 1968.
